|
|
|
|
| LEADER |
00000nam0a2200000 4500 |
| 001 |
288156 |
| 005 |
20231102000047.0 |
| 035 |
|
|
|a (RuTPU)RU\TPU\book\312607
|
| 090 |
|
|
|a 288156
|
| 100 |
|
|
|a 20150323d1984 km y0rusy50 ca
|
| 101 |
0 |
|
|a rus
|
| 102 |
|
|
|a RU
|
| 105 |
|
|
|a a z 001zy
|
| 200 |
1 |
|
|a Синтез схем управления параллельных вычислительных систем
|f Н. А. Стародубцев
|g Академия наук СССР (АН СССР), Институт социально-экономических проблем ; под ред. Н. К. Златорунского
|
| 210 |
|
|
|a Ленинград
|c Наука
|d 1984
|
| 215 |
|
|
|a 191 с.
|c ил.
|
| 320 |
|
|
|a Библиогр.: с.178-181
|
| 320 |
|
|
|a Предметный указатель: с. 182-186
|
| 606 |
1 |
|
|a Вычислительные системы параллельные
|x Программирование
|2 stltpush
|3 (RuTPU)RU\TPU\subj\4401
|9 32680
|
| 610 |
1 |
|
|a схемы управления
|
| 610 |
1 |
|
|a синтез
|
| 610 |
1 |
|
|a методы
|
| 610 |
1 |
|
|a модели
|
| 610 |
1 |
|
|a обработка информации
|
| 610 |
1 |
|
|a сигналы
|
| 610 |
1 |
|
|a изменение
|
| 610 |
1 |
|
|a таксограммы
|
| 675 |
|
|
|a 681.324.01
|v 3
|
| 700 |
|
1 |
|a Стародубцев
|b Н. А.
|g Николай Алексеевич
|
| 702 |
|
1 |
|a Златорунский
|b Н. К.
|4 340
|
| 712 |
0 |
2 |
|a Академия наук СССР (АН СССР)
|b Институт социально-экономических проблем
|2 stltpush
|3 (RuTPU)RU\TPU\col\12416
|
| 801 |
|
1 |
|a RU
|b 63413507
|c 20150323
|
| 801 |
|
2 |
|a RU
|b 63413507
|c 20180213
|g RCR
|
| 942 |
|
|
|c BK
|